Longest Coastlines Quiz Stats

 Plays Quiz Updated Sep 13, 2019

Score 0/25 Timer 07:00
32 Plays Today
Rank Country % Correct
2United States
99%
1Canada
97.9%
3Russia
97.3%
6Australia
96.4%
10Brazil
95.4%
12China
94.9%
15Mexico
92.9%
5Chile
92.3%
13Japan
92.3%
19India
91.2%
17United Kingdom
86%
7Norway
81.3%
18New Zealand
80.9%
Rank Country % Correct
8Denmark (incl. Greenland)
80.9%
4Indonesia
80.8%
14Sweden
79.4%
11Finland
74.6%
20Greece
69.5%
24Vietnam
65.1%
9Philippines
60.1%
23South Korea
51.1%
22Cuba
50.4%
21Myanmar
44.8%
16Papua New Guinea
34.6%
25The Bahamas
23.5%

You're not logged in!

Compare scores with friends on all Sporcle quizzes.
OR
Log In

Sporcle TV

Today on Sporcle TV


Watch our educational content, quiz creation guides, and fun videos on Sporcle TV.

Show Comments

Extras

Top Quizzes Today


Score Distribution

Your Account Isn't Verified!

In order to create a playlist on Sporcle, you need to verify the email address you used during registration. Go to your Sporcle Settings to finish the process.

Report this User

Report this user for behavior that violates our Community Guidelines.

Details: